00568nam a2200169 i 450000100060000000300090000600500170001500700030003200800410003510000270007624500690010326000340017230000210020685200320022799900170025995201220027635156ES-MaACL20230906155051.0t|030212s1970 sp ||||1| spa d1 aBothwell, J. H.93077710aDouglas Mac Arthuar, general de generales / cpor J.H. Bothwell. a[Barcelona : bAries, c1970] a92 p. ; c22 cm. aES-MaACLjC-45660 bR.76996 c35156d35156 00104070aATENEOMbATENEOMcDEPO2d2008-01-17eSCl0oC-45660p1036767r2023-02-23 00:00:00w2023-02-23yMONOGRAFIA